Представление документа в формате MARC21

ПолеНазваниеЗначение
  Тип записи a
  Библиографический уровень m
001 Контрольный номер BIBLIOCLUB\0000115128
005 Дата корректировки 20230117154139.6
006 m o d
007 Элементы данных для физической характеристики c|||||||||||||
008 Кодируемые данные s2022 rus o rus d
020 Индекс ISBN __
a ISBN 978-5-9765-0304-5
041 Код языка издания 0_
a Код языка текста rus
084 Индекс другой классификации/Индекс ББК __
a Индекс другой классификации/Индекс ББК 81.411.2-22я73
b Номер единицы LBC/PL
2 Источник индекса rubbk
100 Автор 1_
a Автор Иванян Е. П.
245 Заглавие 10
a Заглавие Эвфемизмы русского языка: спецкурс
b Продолж. заглавия учебное пособие
c Ответственность Е. П. Иванян
c Ответственность отв. ред. Н. С. Толстов
250 Сведения об издании __
a Основные сведения об издании 4-е изд., стер.
260 Выходные данные __
a Место издания Москва
b Издательство ФЛИНТА
c Дата издания 2022
300 Физическое описание __
a Объем 121 с.
504 Библиография __
a Библиография Библиогр.: с. 111-117.
653 Ключевые слова 1_
a Ключевые слова Учебник для высшей школы
856 Электронный адрес документа 40
3 Область применения данных поля Университетская библиотека ONLINE
u URL https://biblioclub.ru/index.php?page=book&id=115128
952 Тип литературы __
c Вид литературы учебное пособие